馬歇爾新約神學 (Record no. 643)
[ view plain ]
| 000 -LEADER | |
|---|---|
| fixed length control field | 01101nam a2200301Ia 4500 |
| 003 - CONTROL NUMBER IDENTIFIER | |
| control field | OSt |
| 005 - DATE AND TIME OF LATEST TRANSACTION | |
| control field | 20201022084722.0 |
| 008 - FIXED-LENGTH DATA ELEMENTS--GENERAL INFORMATION | |
| fixed length control field | 200824s9999||||xx |||||||||||||| ||und|| |
| 020 ## - INTERNATIONAL STANDARD BOOK NUMBER | |
| International Standard Book Number | 1932184120 |
| 020 ## - INTERNATIONAL STANDARD BOOK NUMBER | |
| International Standard Book Number | 9781932184129 |
| 040 ## - CATALOGING SOURCE | |
| Transcribing agency | GETS |
| 041 ## - LANGUAGE CODE | |
| Language code of text/sound track or separate title | chi |
| Language code of original | eng |
| 050 ## - LIBRARY OF CONGRESS CALL NUMBER | |
| Classification number | BS2397 |
| Item number | .M3712 2006 |
| 100 ## - MAIN ENTRY--PERSONAL NAME | |
| Personal name | MarshalI, Howard |
| 245 #0 - TITLE STATEMENT | |
| Title | 馬歇爾新約神學 |
| Remainder of title | = New Testament theology: many witnesses, one Gospel / |
| Statement of responsibility, etc. | 馬歇爾 (Howard Marshall ) ; 潘秋松, 林秀娟, 蔡蓓譯 |
| 246 ## - VARYING FORM OF TITLE | |
| Title proper/short title | 马歇尔新约神学 |
| Remainder of title | = New Testament theology : many witnesses, one Gospel/ |
| 260 ## - PUBLICATION, DISTRIBUTION, ETC. | |
| Place of publication, distribution, etc. | South Pasadena, Calif. : |
| Name of publisher, distributor, etc. | 美國麥種傳道會 = A Kernel of Wheat Christian Ministries |
| Date of publication, distribution, etc. | 2006 |
| 300 ## - PHYSICAL DESCRIPTION | |
| Extent | 728 p. |
| Other physical details | ; |
| Dimensions | 23 cm |
| 500 ## - GENERAL NOTE | |
| General note | Translation of: New Testament theology : many witnesses, one Gospel; Downers Grove, Ill. : InterVarsity Press, c2004. |
| 650 ## - SUBJECT ADDED ENTRY--TOPICAL TERM | |
| Topical term or geographic name entry element | Bible. -- New Testament -- Theology. |
| 650 ## - SUBJECT ADDED ENTRY--TOPICAL TERM | |
| Topical term or geographic name entry element | Bible. -- New Testament. |
| 650 ## - SUBJECT ADDED ENTRY--TOPICAL TERM | |
| Topical term or geographic name entry element | Theology. |
| 700 ## - ADDED ENTRY--PERSONAL NAME | |
| Personal name | 林秀娟 |
| 700 ## - ADDED ENTRY--PERSONAL NAME | |
| Personal name | 潘秋松 |
| 700 ## - ADDED ENTRY--PERSONAL NAME | |
| Personal name | 蔡蓓 |
| 700 ## - ADDED ENTRY--PERSONAL NAME | |
| Personal name | 馬歇爾 |
| 942 ## - ADDED ENTRY ELEMENTS (KOHA) | |
| Koha item type | Chinese Book |
| Withdrawn status | Lost status | Source of classification or shelving scheme | Damaged status | Not for loan | Home library | Current library | Shelving location | Date acquired | Total Checkouts | Total Renewals | Full call number | Barcode | Date last seen | Date last checked out | Copy number | Price effective from | Koha item type | Cost, normal purchase price |
|---|---|---|---|---|---|---|---|---|---|---|---|---|---|---|---|---|---|---|
| Library of Congress Classification | GETS Theological Seminary Library | GETS Theological Seminary Library | General Stacks | 07/12/2020 | 4 | 8 | BS2397 .M3712 2006 | 00000597 | 10/03/2025 | 12/31/2024 | c. 2 | 07/12/2020 | Chinese Book | |||||
| Library of Congress Classification | GETS Theological Seminary Library | GETS Theological Seminary Library | General Stacks | 08/24/2020 | 7 | 16 | BS2397 .M3712 2006 | 00004559 | 04/26/2024 | 08/15/2023 | 08/24/2020 | Chinese Book | 40.00 |